000 01259cam a2200313 i 4500
001 howtomakebeautif00dyer
003 CaSfIA
005 20210118101406.0
007 cr||||
008 760503s1976 nyu 001 0 eng
010 _a 76016208
040 _aDLC
_cDLC
_dCaSfIA
020 _a0679506071
020 _a9780679506072
035 _a(OCoLC)2213300
050 0 4 _aTX740
_b.D97
082 _a641.5/89
100 1 _aDyer, Ceil.
245 1 0 _aHow to make beautiful food in a mold /
_h[electronic resource]
_cby Ceil Dyer.
260 _aNew York :
_bMcKay,
_cc1976.
300 _axviii, 219 p. ;
_c22 cm.
500 _aIncludes index.
650 0 _aCookery (Molded dishes)
856 4 1 _uhttp://www.archive.org/details/howtomakebeautif00dyer
_zFree eBook from the Internet Archive
856 4 2 _uhttp://www.openlibrary.org/books/OL4885980M
_zAdditional information and access via Open Library
942 _cEB
506 _fНеобхідна авторизація на https://archive.org/ (створення облікового запису безкоштовно)
506 _fНеобхідна авторизація на https://openlibrary.org/ (створення облікового запису безкоштовно)
999 _c508855
_d508855